Les plus petites capitales du monde - Statistiques

Statistiques générales
  • Ce quiz a été pris 350 fois
    177 depuis la dernière actualisation
  • Le résultat moyen est 11 sur 24
Statistiques - réponses
Population Capitale % Correct
826 Cité du Vatican
95%
22,884 Andorre-la-Vieille (Andorre)
85%
35,986 Monaco
85%
4,493 Saint-Marin
76%
5,248 Vaduz (Liechtenstein)
75%
6,675 La Valette (Malte)
48%
39,813 Apia (Samoa)
46%
4,492 Funafuti (Tuvalu)
46%
1,100 Yaren (Nauru)
45%
22,400 Nuku'alofa (Tonga)
42%
29,298 Victoria (Seychelles)
42%
14,847 Roseau (Dominique)
39%
30,000 Tarawa (Kiribati)
38%
38,000 Port-Vila (Vanuatu)
37%
9,900 Palikir (Micronésie)
35%
22,679 Saint John's (Antigua-et-Barbuda)
33%
13,043 Basseterre (Saint-Christophe-et-Niévès)
32%
25,400 Majuro (îles Marshall)
32%
7,500 Saint-Georges (Grenade)
32%
28,135 Bandar Seri Begawan (Brunei)
29%
40,020 Kingstown (Saint-Vincent-et-les-Grenadines)
28%
16,451 Belmopan (Belize)
25%
299 Melekeok (Palaos)
19%
34,828 Banjul (Gambie)
8%
Aucun quiz correspondant
Distribution des résultats
% des personnes avec chaque résultat
Percentile par nombre de réponses
Votre historique - résultats
Vous n’avez pas pris ce quiz depuis la dernière actualisation